| 000 | 00785nam a2200253 i 4500 | ||
|---|---|---|---|
| 001 | bgj | ||
| 100 | 1 | _aORNSTEIN, Allan C. | |
| 245 | 1 | 0 |
_aFoundations of education / _cAllan C. Ornstein ; Daniel U. Levine. |
| 250 | _a4th ed. | ||
| 260 |
_aBoston : _bHoughton Mifflin Company, _cc. 1989. |
||
| 300 |
_aXX, 621, G-5, I-20 pp, [8] p. of plates : _bill. (some col.) ; _c24 cm. |
||
| 505 | _aIncludes indexes. | ||
| 650 | 9 |
_aEducation _xStudy and teaching _zUnited States |
|
| 650 | 9 |
_aEducation _xHistory |
|
| 651 | 9 |
_aUnited States _xTeaching |
|
| 655 | _aHandbooks, manuals, etc. | ||
| 700 | 1 |
_aLEVINE, Daniel U. _eco-author |
|
| 020 | _a0395432286 | ||
| 040 | _cBPK | ||
| 041 | 0 | _aeng | |
| 920 | _a0-395-43228-6 | ||
| 942 | _cKS | ||
| 008 | s uk f |000 0 eng | ||
| 999 |
_c47715 _d47715 |
||
| 856 |
_uhttp://koha.tu.koszalin.pl/cgi-bin/koha/opac-detail.pl?biblionumber=47715 _yKatalog online BPK |
||